| Tag |
First Indicator |
Second Indicator |
Subfields |
| LEADER |
00000pam a2200000 i 4500 |
| 001 |
in00000696621 |
| 005 |
20151016053350.0 |
| 008 |
790124s1979 ohu 00011 eng |
| 010 |
|
|
|a 79000828
|
| 020 |
|
|
|a 0914140086
|
| 035 |
|
|
|a (OCoLC)04638388
|
| 035 |
|
|
|9 ADC0438AM
|
| 040 |
|
|
|a DLC
|c DLC
|d TXA
|d UtOrBLW
|
| 049 |
|
|
|a TXAM
|c [981720]
|
| 050 |
0 |
0 |
|a PZ4.P2319
|b Ho
|a PS3566.A66
|
| 082 |
0 |
|
|a 813/.5/4
|
| 100 |
1 |
|
|a Paris, Matthew,
|d 1938-
|
| 245 |
1 |
4 |
|a The Holy City :
|b a novel /
|c by Matthew Paris ; [front cover ill. by Mark Barensfeld].
|
| 264 |
|
1 |
|a Pomeroy, Ohio :
|b Carpenter Press,
|c [1979]
|
| 264 |
|
4 |
|c ©1979
|
| 300 |
|
|
|a 149 pages ;
|c 22 cm.
|
| 336 |
|
|
|a text
|b txt
|2 rdacontent
|
| 337 |
|
|
|a unmediated
|b n
|2 rdamedia
|
| 338 |
|
|
|a volume
|b nc
|2 rdacarrier
|
| 999 |
|
|
|a MARS
|
| 999 |
f |
f |
|s 4b2dc05c-4fd9-3a61-8ac3-eb8fe7ede865
|i dc2a0e21-ea51-3e9a-9ed3-1998a194e753
|t 0
|
| 952 |
f |
f |
|p ric
|a Texas A&M University
|b Rellis Campus
|c Joint Library Facility
|d Remote Storage
|t 0
|e PZ4.P2319 Ho
|h Library of Congress classification
|i unmediated -- volume
|m A14804328944
|
| 998 |
f |
f |
|a PZ4.P2319 Ho
|t 0
|l Remote Storage
|